<?xml version="1.0" encoding="UTF-8"?>
<record
    xmlns:xsi="http://www.w3.org/2001/XMLSchema-instance"
    xsi:schemaLocation="http://www.loc.gov/MARC21/slim http://www.loc.gov/standards/marcxml/schema/MARC21slim.xsd"
    xmlns="http://www.loc.gov/MARC21/slim">

  <leader>07465nas1a22006851i 4500</leader>
  <controlfield tag="001">RU\NLR\INFOCOMM16\1000075582</controlfield>
  <controlfield tag="005">20240726061631.0</controlfield>
  <datafield tag="011" ind1=" " ind2=" ">
    <subfield code="a">0136-5762</subfield>
  </datafield>
  <datafield tag="035" ind1=" " ind2=" ">
    <subfield code="a">(NLR Aleph) 002526952</subfield>
  </datafield>
  <datafield tag="090" ind1=" " ind2=" ">
    <subfield code="a">2814326</subfield>
    <subfield code="c">2814326</subfield>
  </datafield>
  <datafield tag="100" ind1=" " ind2=" ">
    <subfield code="a">20040423b19691983|||y0rusy50      ca</subfield>
  </datafield>
  <datafield tag="101" ind1="0" ind2=" ">
    <subfield code="a">rus</subfield>
  </datafield>
  <datafield tag="102" ind1=" " ind2=" ">
    <subfield code="a">RU</subfield>
  </datafield>
  <datafield tag="110" ind1=" " ind2=" ">
    <subfield code="a">zyu||||0|y0</subfield>
  </datafield>
  <datafield tag="200" ind1="1" ind2=" ">
    <subfield code="a">&#x41C;&#x435;&#x441;&#x442;&#x43D;&#x430;&#x44F; &#x43F;&#x440;&#x43E;&#x43C;&#x44B;&#x448;&#x43B;&#x435;&#x43D;&#x43D;&#x43E;&#x441;&#x442;&#x44C;</subfield>
    <subfield code="e">&#x41D;&#x430;&#x443;&#x447;.-&#x442;&#x435;&#x445;&#x43D;. &#x440;&#x435;&#x444;. &#x441;&#x431;.</subfield>
    <subfield code="h">&#x421;&#x435;&#x440;&#x438;&#x44F; 8</subfield>
    <subfield code="i">&#x41F;&#x440;&#x43E;&#x438;&#x437;&#x432;&#x43E;&#x434;&#x441;&#x442;&#x432;&#x43E; &#x442;&#x43E;&#x432;&#x430;&#x440;&#x43E;&#x432; &#x431;&#x44B;&#x442;&#x43E;&#x432;&#x43E;&#x439; &#x445;&#x438;&#x43C;&#x438;&#x438; &#x438; &#x438;&#x437;&#x434;&#x435;&#x43B;&#x438;&#x439; &#x438;&#x437; &#x43F;&#x43B;&#x430;&#x441;&#x442;&#x43C;&#x430;&#x441;&#x441;</subfield>
    <subfield code="f">&#x41C;-&#x432;&#x43E; &#x43C;&#x435;&#x441;&#x442;. &#x43F;&#x440;&#x43E;&#x43C;-&#x441;&#x442;&#x438; &#x420;&#x421;&#x424;&#x421;&#x420;. &#x426;&#x411;&#x41D;&#x422;&#x418;</subfield>
  </datafield>
  <datafield tag="210" ind1=" " ind2=" ">
    <subfield code="a">&#x41C;.</subfield>
    <subfield code="d">1969-1983</subfield>
  </datafield>
  <datafield tag="300" ind1=" " ind2=" ">
    <subfield code="a">&#x417;&#x430; 1974-1978 &#x433;. &#x433;. &#x438;&#x437;&#x434;. &#x445;&#x440;&#x430;&#x43D;&#x438;&#x442;&#x441;&#x44F; &#x432; &#x424;&#x413;&#x41E;</subfield>
  </datafield>
  <datafield tag="300" ind1=" " ind2=" ">
    <subfield code="a">&#x412;&#x44B;&#x43F;.1 &#x432; 1970 &#x433;. &#x43D;&#x435; &#x432;&#x44B;&#x445;&#x43E;&#x434;&#x438;&#x43B;</subfield>
  </datafield>
  <datafield tag="311" ind1=" " ind2=" ">
    <subfield code="a">&#x421; 1984 &#x432;&#x43B;&#x438;&#x43B;&#x43E;&#x441;&#x44C; &#x432;: &#x41C;&#x435;&#x441;&#x442;&#x43D;&#x430;&#x44F; &#x43F;&#x440;&#x43E;&#x43C;&#x44B;&#x448;&#x43B;&#x435;&#x43D;&#x43D;&#x43E;&#x441;&#x442;&#x44C;. &#x420;&#x430;&#x446;&#x43F;&#x440;&#x435;&#x434;&#x43B;&#x43E;&#x436;&#x435;&#x43D;&#x438;&#x44F;, &#x440;&#x435;&#x43A;&#x43E;&#x43C;&#x435;&#x43D;&#x434;&#x443;&#x435;&#x43C;&#x44B;&#x435; &#x434;&#x43B;&#x44F; &#x432;&#x43D;&#x435;&#x434;&#x440;&#x435;&#x43D;&#x438;&#x44F; &#x43D;&#x430; &#x43F;&#x440;&#x435;&#x434;&#x43F;&#x440;&#x438;&#x44F;&#x442;&#x438;&#x44F;&#x445; &#x43C;&#x435;&#x441;&#x442;&#x43D;&#x43E;&#x439; &#x43F;&#x440;&#x43E;&#x43C;&#x44B;&#x448;&#x43B;&#x435;&#x43D;&#x43D;&#x43E;&#x441;&#x442;&#x438;, ISSN 0136-5738 (&#x428;.: &#x41F;10/5621)</subfield>
  </datafield>
  <datafield tag="311" ind1=" " ind2=" ">
    <subfield code="a">&#x421; 1987 &#x43E;&#x431;&#x44A;&#x435;&#x434;&#x438;&#x43D;&#x438;&#x43B;&#x43E;&#x441;&#x44C; &#x441;: &#x41C;&#x435;&#x441;&#x442;&#x43D;&#x430;&#x44F; &#x43F;&#x440;&#x43E;&#x43C;&#x44B;&#x448;&#x43B;&#x435;&#x43D;&#x43D;&#x43E;&#x441;&#x442;&#x44C;. &#x421;&#x435;&#x440;.5, &#x41C;&#x435;&#x441;&#x442;&#x43D;&#x44B;&#x435; &#x441;&#x442;&#x440;&#x43E;&#x438;&#x442;&#x435;&#x43B;&#x44C;&#x43D;&#x44B;&#x435; &#x43C;&#x430;&#x442;&#x435;&#x440;&#x438;&#x430;&#x43B;&#x44B;, ISSN 0136-5711 (&#x428;.: &#x41F;10/4376) &#x438; &#x432;&#x44B;&#x445;&#x43E;&#x434;&#x438;&#x442; &#x43F;&#x43E;&#x434; &#x437;&#x430;&#x433;&#x43B;.: ... &#x421;&#x435;&#x440;. "&#x41F;&#x440;&#x43E;&#x438;&#x437;&#x432;&#x43E;&#x434;&#x441;&#x442;&#x432;&#x43E; &#x442;&#x43E;&#x432;&#x430;&#x440;&#x43E;&#x432; &#x431;&#x44B;&#x442;&#x43E;&#x432;&#x43E;&#x439; &#x445;&#x438;&#x43C;&#x438;&#x438; &#x438; &#x43C;&#x435;&#x441;&#x442;&#x43D;&#x44B;&#x445; &#x441;&#x442;&#x440;&#x43E;&#x438;&#x442;&#x435;&#x43B;&#x44C;&#x43D;&#x44B;&#x445; &#x43C;&#x430;&#x442;&#x435;&#x440;&#x438;&#x430;&#x43B;&#x43E;&#x432;" ISSN 0234-5927 (&#x428;.: &#x41F;10/6454)</subfield>
  </datafield>
  <datafield tag="430" ind1=" " ind2="0">
    <subfield code="1">2001#$a&#x411;&#x44B;&#x442;&#x43E;&#x432;&#x430;&#x44F; &#x445;&#x438;&#x43C;&#x438;&#x44F;, &#x438;&#x437;&#x434;&#x435;&#x43B;&#x438;&#x44F; &#x438;&#x437; &#x43F;&#x43B;&#x430;&#x441;&#x442;&#x43C;&#x430;&#x441;&#x441;</subfield>
    <subfield code="t">&#x411;&#x44B;&#x442;&#x43E;&#x432;&#x430;&#x44F; &#x445;&#x438;&#x43C;&#x438;&#x44F;, &#x438;&#x437;&#x434;&#x435;&#x43B;&#x438;&#x44F; &#x438;&#x437; &#x43F;&#x43B;&#x430;&#x441;&#x442;&#x43C;&#x430;&#x441;&#x441;</subfield>
  </datafield>
  <datafield tag="430" ind1=" " ind2="0">
    <subfield code="1">2001#$a&#x420;&#x435;&#x444;&#x435;&#x440;&#x430;&#x442;&#x438;&#x432;&#x43D;&#x430;&#x44F; &#x438;&#x43D;&#x444;&#x43E;&#x440;&#x43C;&#x430;&#x446;&#x438;&#x44F;$h&#x421;&#x435;&#x440;&#x438;&#x44F; 4</subfield>
    <subfield code="t">&#x420;&#x435;&#x444;&#x435;&#x440;&#x430;&#x442;&#x438;&#x432;&#x43D;&#x430;&#x44F; &#x438;&#x43D;&#x444;&#x43E;&#x440;&#x43C;&#x430;&#x446;&#x438;&#x44F;</subfield>
  </datafield>
  <datafield tag="430" ind1=" " ind2="0">
    <subfield code="1">2001#$a&#x420;&#x435;&#x444;&#x435;&#x440;&#x430;&#x442;&#x438;&#x432;&#x43D;&#x430;&#x44F; &#x438;&#x43D;&#x444;&#x43E;&#x440;&#x43C;&#x430;&#x446;&#x438;&#x44F;$i&#x421;&#x435;&#x440;&#x438;&#x44F;: &#x41F;&#x440;&#x43E;&#x438;&#x437;&#x432;&#x43E;&#x434;&#x441;&#x442;&#x432;&#x43E; &#x442;&#x43E;&#x432;&#x430;&#x440;&#x43E;&#x432; &#x431;&#x44B;&#x442;&#x43E;&#x432;&#x43E;&#x439; &#x445;&#x438;&#x43C;&#x438;&#x438;, &#x438;&#x437;&#x434;&#x435;&#x43B;&#x438;&#x439; &#x438;&#x437; &#x43F;&#x43B;&#x430;&#x441;&#x442;&#x43C;&#x430;&#x441;&#x441;</subfield>
    <subfield code="t">&#x420;&#x435;&#x444;&#x435;&#x440;&#x430;&#x442;&#x438;&#x432;&#x43D;&#x430;&#x44F; &#x438;&#x43D;&#x444;&#x43E;&#x440;&#x43C;&#x430;&#x446;&#x438;&#x44F;</subfield>
  </datafield>
  <datafield tag="430" ind1=" " ind2="0">
    <subfield code="1">2001#$a&#x420;&#x435;&#x444;&#x435;&#x440;&#x430;&#x442;&#x438;&#x432;&#x43D;&#x430;&#x44F; &#x438;&#x43D;&#x444;&#x43E;&#x440;&#x43C;&#x430;&#x446;&#x438;&#x44F;$i&#x421;&#x435;&#x440;&#x438;&#x44F;: &#x41F;&#x440;&#x43E;&#x438;&#x437;&#x432;&#x43E;&#x434;&#x441;&#x442;&#x432;&#x43E; &#x442;&#x43E;&#x432;&#x430;&#x440;&#x43E;&#x432; &#x431;&#x44B;&#x442;&#x43E;&#x432;&#x43E;&#x439; &#x445;&#x438;&#x43C;&#x438;&#x438; &#x438; &#x438;&#x437;&#x434;&#x435;&#x43B;&#x438;&#x439; &#x438;&#x437; &#x43F;&#x43B;&#x430;&#x441;&#x442;&#x43C;&#x430;&#x441;&#x441;</subfield>
    <subfield code="t">&#x420;&#x435;&#x444;&#x435;&#x440;&#x430;&#x442;&#x438;&#x432;&#x43D;&#x430;&#x44F; &#x438;&#x43D;&#x444;&#x43E;&#x440;&#x43C;&#x430;&#x446;&#x438;&#x44F;</subfield>
  </datafield>
  <datafield tag="440" ind1=" " ind2="0">
    <subfield code="1">2001#$a&#x41C;&#x435;&#x441;&#x442;&#x43D;&#x430;&#x44F; &#x43F;&#x440;&#x43E;&#x43C;&#x44B;&#x448;&#x43B;&#x435;&#x43D;&#x43D;&#x43E;&#x441;&#x442;&#x44C;$i&#x421;&#x435;&#x440;&#x438;&#x44F; "&#x41F;&#x440;&#x43E;&#x438;&#x437;&#x432;&#x43E;&#x434;&#x441;&#x442;&#x432;&#x43E; &#x442;&#x43E;&#x432;&#x430;&#x440;&#x43E;&#x432; &#x431;&#x44B;&#x442;&#x43E;&#x432;&#x43E;&#x439; &#x445;&#x438;&#x43C;&#x438;&#x438; &#x438; &#x43C;&#x435;&#x441;&#x442;&#x43D;&#x44B;&#x445; &#x441;&#x442;&#x440;&#x43E;&#x438;&#x442;&#x435;&#x43B;&#x44C;&#x43D;&#x44B;&#x445; &#x43C;&#x430;&#x442;&#x435;&#x440;&#x438;&#x430;&#x43B;&#x43E;&#x432;</subfield>
    <subfield code="1">852##$aNLR$j&#x41F;10/6454</subfield>
    <subfield code="1">011$a0234-5927</subfield>
    <subfield code="t">&#x41C;&#x435;&#x441;&#x442;&#x43D;&#x430;&#x44F; &#x43F;&#x440;&#x43E;&#x43C;&#x44B;&#x448;&#x43B;&#x435;&#x43D;&#x43D;&#x43E;&#x441;&#x442;&#x44C;</subfield>
  </datafield>
  <datafield tag="444" ind1=" " ind2="0">
    <subfield code="1">2001#$a&#x41C;&#x435;&#x441;&#x442;&#x43D;&#x430;&#x44F; &#x43F;&#x440;&#x43E;&#x43C;&#x44B;&#x448;&#x43B;&#x435;&#x43D;&#x43D;&#x43E;&#x441;&#x442;&#x44C;$i&#x420;&#x430;&#x446;&#x43F;&#x440;&#x435;&#x434;&#x43B;&#x43E;&#x436;&#x435;&#x43D;&#x438;&#x44F;, &#x440;&#x435;&#x43A;&#x43E;&#x43C;&#x435;&#x43D;&#x434;&#x443;&#x435;&#x43C;&#x44B;&#x435; &#x434;&#x43B;&#x44F; &#x432;&#x43D;&#x435;&#x434;&#x440;&#x435;&#x43D;&#x438;&#x44F; &#x43D;&#x430; &#x43F;&#x440;&#x435;&#x434;&#x43F;&#x440;&#x438;&#x44F;&#x442;&#x438;&#x44F;&#x445; &#x43C;&#x435;&#x441;&#x442;&#x43D;&#x43E;&#x439; &#x43F;&#x440;&#x43E;&#x43C;&#x44B;&#x448;&#x43B;&#x435;&#x43D;&#x43D;&#x43E;&#x441;&#x442;&#x438;</subfield>
    <subfield code="1">852##$aNLR$j&#x41F;10/5621</subfield>
    <subfield code="1">011$a0136-5738</subfield>
    <subfield code="t">&#x41C;&#x435;&#x441;&#x442;&#x43D;&#x430;&#x44F; &#x43F;&#x440;&#x43E;&#x43C;&#x44B;&#x448;&#x43B;&#x435;&#x43D;&#x43D;&#x43E;&#x441;&#x442;&#x44C;</subfield>
  </datafield>
  <datafield tag="801" ind1=" " ind2="1">
    <subfield code="a">RU</subfield>
    <subfield code="b">InfoComm</subfield>
    <subfield code="c">20040423</subfield>
  </datafield>
  <datafield tag="801" ind1=" " ind2="0">
    <subfield code="a">RU</subfield>
    <subfield code="b">NLR</subfield>
    <subfield code="g">PSBO</subfield>
  </datafield>
  <datafield tag="852" ind1=" " ind2=" ">
    <subfield code="a">NLR</subfield>
    <subfield code="j">&#x41F;10/4379</subfield>
  </datafield>
  <datafield tag="942" ind1=" " ind2=" ">
    <subfield code="c">SE</subfield>
  </datafield>
  <datafield tag="980" ind1=" " ind2=" ">
    <subfield code="a">RUSPER</subfield>
  </datafield>
</record>
